Normal view
MARC view
Entry Personal Name
001 - CONTROL NUMBER
- control field: 88334
003 - CONTROL NUMBER IDENTIFIER
- control field: dpl
005 - DATE AND TIME OF LATEST TRANSACTION
- control field: 20260311161919.0
008 - FIXED-LENGTH DATA ELEMENTS
- fixed length control field: 260311|| aca||aabn | a|a d
040 ## - CATALOGING SOURCE
- Original cataloging agency: dpl
- Transcribing agency: dpl
100 ## - HEADING--PERSONAL NAME
- Personal name: राकेश
670 ## - SOURCE DATA FOUND
- Source citation: Work cat.: (dpl)215508: राकेश , विश्व एवं भारत की महान विभूतियाँ/, 2024
